000 01232nam a2200325 i 4500
003 EG-GICUC
005 20260121101023.0
008 251021s2002 ua ||||fr|||| 00| 0 ara d
017 _a2001/18371
020 _a9770436658
040 _a EG-GICUC
_bara
_c EG-GICUC
_d EG-GICUC
_erda
041 0 _aara
082 0 4 _221
_a342.51213
_bع ف . ا
092 0 4 _221
099 _aLaw1 08 342.51213 ع ف . ا 2002
100 0 _aعفيفى كامل عفيفى
_eمؤلف.
245 1 2 _aالأنظمة النيابية الرئيسية :
_bنشأتها - تطورها - تطبيقاتها - دراسة تحليلية مقارنة /
_cدكتور عفيفى كامل عفيفى.
264 1 _aالاسكندرية :
_bمنشأت المعارف،
_c2002.
300 _a580 ؛صفحة
_c24 سم.
336 _2rda content
_atext
337 _2rda media
_aComputer
338 _2rda carrier
_aOnline Resource
504 _a. 559-576 ببليوجرافيا: صفحات
546 _aالنص باللغة العربية
650 1 4 _aالديمقراطية النيابية
650 1 4 _aالقانون الدستورى
856 4 0 _uhttps://fll.law.cu.edu.eg/fulltext/bks/B08-03252.pdf
905 _a32
942 _2ddc
_cBK
_e21
_n0
999 _c36288
_d36288